LEADER 01754nam a2200397 u 4500 001 000000068762 003 CaOOAMICUS 005 20070226121831.0 008 020318s2001 it u000 u ita u 020 $a8839406026 035 $a10924351 040 $aPUL$bita 041 1 $aita$hger 100 1 $aHertzberg, Hans Wilhelm.$0(OLS)http://pul/name/24655 240 10$aBücher Josua, Richter, Ruth.$lItaliano.$0(OLS)http://pul/title/90905 245 10$aGiosuč, Giudici, Ruth /$ctraduzione e commento di Hans Wilhelm Hertzberg ; traduzione italiana di Franco Ronchi. 260 $aBrescia :$bPaideia,$cc2001. 300 $a446 p. ;$c23 cm 490 1 $aAntico Testamento ;$v9 504 $aBibliografia in nota. 630 04$aBiblia.$pV.T.$pIosue.$0(OLS)http://pul/subject/24588 630 04$aBiblia.$pV.T.$pIudicum.$0(OLS)http://pul/subject/8447 630 04$aBiblia.$pV.T.$pRuth.$0(OLS)http://pul/subject/17517 700 1 $aRonchi, Franco.$0(OLS)http://pul/name/25184 730 0 $aBiblia.$pV.T.$pIudicum.$lItaliano.$0(OLS)http://pul/title/42986 730 0 $aBiblia.$pV.T.$pIosue.$lItaliano.$0(OLS)http://pul/title/12223 730 0 $aBiblia.$pV.T.$pRuth.$lItaliano.$0(OLS)http://pul/title/42989 830 0$aAntico Testamento ;$v9.$0(OLS)http://pul/title/18620 850 $aPUL 852 $aPUL$W1$xSL Religione 1$y3$m1(6) H 9$j88894$nBK-PRI$b $qStampati$B88894$CPULBib$Z2$F88894 $HPUL98637 $81 941 1 $a8 960 $aBiblia.$pV.T.$pJosué$924588 960 $aBiblia$aV.T. $aGiosuč $924588 996 $6020$a8839406026$9(OLS)http://pul/number/89123 996 $6245$aGiosuč, Giudici, Ruth$9(OLS)http://pul/title/90906 996 $6260$aBrescia :$bPaideia$9(OLS)http://pul/publisher/47884 LEADER 01308nam a2200325 a 4500 001 000000175393 003 CaOOAMICUS 005 20220823141659.0 008 220823t2019 it 001 0 ita r 020 $a978-88-16-41516-4* 032 $aLibriCat 040 $aPUL$bita$d 082 04$a294.3 100 1 $aPanikkar, Raimundo,$cS.I.,$d1918-2010.$0(OLS)http://pul/name/15891 245 10$aBuddhismo /$cRaimon Panikkar. 260 $aMilano :$bJaca Book,$c©2019. 300 $aXIII, 446 p. ;$c24 cm 490 1 $aOpera omnia / Raimon Panikkar ;$v05 504 $aBibliografia p. 379-428. 650 4$aBuddismo.$0(OLS)http://pul/subject/39882 800 1 $aPanikkar, Raimundo,$cS.I.,$d1918-2010.$tOpera omnia ;$v05.$0(OLS)http://pul/nameTitle/836$0(OLS)http://pul/name/15891$0(OLS)http://pul/title/2415 850 $aPUL 852 $aPUL$W1$xSL Religione 3$y85$m230. 092 PANRA 1.5$j199597$qDDC 21$B204317$CPULBib$Z2$F204317 $H175732 $82 941 1 $a9 960 $aBuddhismo$939882 996 $6020$a978-88-16-41516-4*$9(OLS)http://pul/number/168787 996 $6082$a294.3$9(OLS)http://pul/classification/2576 996 $6245$aBuddhismo$9(OLS)http://pul/title/64850 996 $6260$aMilano :$bJaca Book$9(OLS)http://pul/publisher/47900